Historia de Italia (Record no. 154888)
[ view plain ]
| 000 -LEADER | |
|---|---|
| campo de control de longitud fija | 01120nam a2200241 i 4500 |
| 001 - NÚMERO DE CONTROL | |
| campo de control | 154888 |
| 003 - IDENTIFICADOR DE NÚMERO DE CONTROL | |
| campo de control | ES-MaACL |
| 005 - FECHA Y HORA DE LA ÚLTIMA TRANSACCIÓN | |
| campo de control | 20250511145046.0 |
| 008 - DATOS DE LONGITUD FIJA--INFORMACIÓN GENERAL | |
| campo de control de longitud fija | 931025m18891890sp |||| | spa d |
| 100 1# - ENTRADA PRINCIPAL--NOMBRE DE PERSONA | |
| Nombre de persona | Guicciardini, Francesco ( |
| Fechas asociadas al nombre | 1483-1540) |
| 9 (RLIN) | 147512 |
| 245 10 - MENCIÓN DEL TÍTULO | |
| Título | Historia de Italia |
| Resto del título | : donde se describen todas las cosas sucedidas desde el año de 1494 hasta el de 1532 / |
| Mención de responsabilidad, etc. | por Francisco Guicciardini ; traducida de la italiana en lengua castellana con la vida del autor por Felipe IV. |
| 260 ## - PUBLICACIÓN, DISTRIBUCIÓN, ETC. | |
| Lugar de publicación, distribución, etc. | Madrid : |
| Nombre del editor, distribuidor, etc. | Librería de la Viuda de Hernando y Ca, |
| Fecha de publicación, distribución, etc. | 1889-1890. |
| 300 ## - DESCRIPCIÓN FÍSICA | |
| Extensión | 6 v. ; |
| Dimensiones | 19 cm. |
| 490 1# - MENCIÓN DE SERIE | |
| Mención de serie | Biblioteca clásica ; |
| Designación de volumen o secuencia | 127 ; 130 ; 132 ; 135 ; 137 ; 139 |
| 530 ## - NOTA DISPONIBLE DE FORMULARIO FÍSICO ADICIONAL | |
| Nota de formato físico adicional disponible | Disponible en formato digital. |
| 651 #4 - PUNTO DE ACCESO ADICIONAL DE MATERIA--NOMBRE GEOGRÁFICO | |
| Nombre geográfico | Italia- |
| Subdivisión general | Historia- |
| Subdivisión cronológica | 1492-1559. |
| 9 (RLIN) | 153909 |
| 700 0# - ENTRADA AGREGADA--NOMBRE PERSONAL | |
| Nombre de persona | Felipe |
| Numeración | IV, |
| Títulos y otros términos asociados al nombre | Rey de España |
| 9 (RLIN) | 49181 |
| 830 0# - PUNTO DE ACCESO ADICIONAL DE SERIE-TÍTULO UNIFORME | |
| Título uniforme | Biblioteca clásica ; |
| Designación de volumen o secuencia | 127 ; 130 ; 132 ; 135 ; 137 ; 139 |
| 9 (RLIN) | 180370 |
| 852 ## - LOCALIZACIÓN | |
| Ubicación | ES-MaACL |
| Número de control de estantería | F-13087-92 |
| Nota libre | -- Enc. tela |
| 856 ## - LOCALIZACIÓN Y ACCESO ELECTRÓNICOS | |
| Identificador Uniforme de Recursos | <a href="http://bdh-rd.bne.es/viewer.vm?id=0000141067&page=1 ">http://bdh-rd.bne.es/viewer.vm?id=0000141067&page=1 </a> |
| Nota pública | Biblioteca Digital Hispánica |
| Estatus retirado | Estado de pérdida | Estado de daño | No para préstamo | Colección | Biblioteca de origen | Biblioteca actual | Ubicación en estantería | Fecha de adquisición | Total de préstamos | Signatura topográfica completa | Código de barras | Visto por última vez | Precio de reemplazo | Tipo de ítem Koha |
|---|---|---|---|---|---|---|---|---|---|---|---|---|---|---|
| Colección digital | Biblioteca del Ateneo de Madrid | Biblioteca del Ateneo de Madrid | Sala Pecera Planta 2 | 17/01/2008 | F-13087-92 | 1162019 | 23/02/2023 | 23/02/2023 | Libro impreso antiguo |
